00409nam a22001097a 450000500170000002000230001703500130004003700130005324501620006626000450022830000260027320120501135040.0 a0195681479c225.00 aB-225895 aDPLbENG aIntroducing human rights :bAn overview including issues of gender justice, environmental and consumer law /cby South Asia Human Rights Documentation Centre aNew DelhibOxford University Pressc2007 axviii, 261p.c20 cms.